[Event "Salon de Provence op 6th"]
[Site "Salon de Provence"]
[Date "2015.07.04"]
[Round "7"]
[White "Catot, Olivier"]
[Black "Morris, Keith"]
[Result "1/2-1/2"]
[WhiteElo "1601"]
[BlackElo "1715"]
[PlyCount "89"]
[EventDate "2015.07.04"]
[EventType "swiss"]
[EventRounds "9"]
[EventCountry "FRA"]
[SourceTitle "EXT 2016"]
[Source "ChessBase"]
[SourceDate "2015.10.08"]
[SourceVersion "1"]
[SourceVersionDate "2015.10.08"]
[SourceQuality "1"]

1. d4 Nf6 2. Nf3 g6 3. Nc3 d5 4. Bf4 c6 5. e3 Bg7 6. Be2 0-0 7. h3 Qa5 8. 0-0 b5 9. a3 Nbd7 10. Qd2 Qb6 11. Rfe1 Bb7 12. Bf1 Ne4 13. Qd3 Nxc3 14. Qxc3 c5 15. Ne5 Nxe5 16. dxe5 a5 17. b4 Rfc8 18. Qb3 cxb4 19. axb4 a4 20. Qd3 Rc4 21. Qd2 Rcc8 22. Rec1 f6 23. Qd4 Qxd4 24. exd4 fxe5 25. Bxe5 Bxe5 26. dxe5 Bc6 27. Be2 Kf7 28. f4 Be8 29. c3 Rc7 30. Rc2 Rac8 31. Rac1 h5 32. Kf2 a3 33. Ke3 a2 34. Kd2 d4 35. Rxa2 dxc3+ 36. Kc2 Bc6 37. g4 Be4+ 38. Bd3 Bxd3+ 39. Kxd3 hxg4 40. hxg4 Rc4 41. Rf2 Rxb4 42. Rxc3 Rxc3+ 43. Kxc3 Re4 44. Kd3 Rc4 45. Ke3 1/2-1/2

[Event "Salon de Provence op 6th"]
[Site "Salon de Provence"]
[Date "2015.07.04"]
[Round "5"]
[White "Fournier, Alain"]
[Black "Catot, Olivier"]
[Result "0-1"]
[WhiteElo "1589"]
[BlackElo "1601"]
[PlyCount "62"]
[EventDate "2015.07.04"]
[EventType "swiss"]
[EventRounds "9"]
[EventCountry "FRA"]
[SourceTitle "EXT 2016"]
[Source "ChessBase"]
[SourceDate "2015.10.08"]
[SourceVersion "1"]
[SourceVersionDate "2015.10.08"]
[SourceQuality "1"]

1. b3 Nf6 2. Bb2 e6 3. g3 d5 4. Bg2 Be7 5. e3 c5 6. Ne2 Nc6 7. d3 Bd7 8. Nd2 Qc7 9. c4 Nb4 10. Nc1 dxc4 11. Nxc4 Bc6 12. Be5 Qd7 13. f3 Rd8 14. d4 b5 15. Nd2 cxd4 16. Bxd4 Ba8 17. 0-0 0-0 18. a3 Nc6 19. Bc3 Nd5 20. Ne4 f5 21. Ne2 fxe4 22. fxe4 Rxf1+ 23. Qxf1 Nxe3 24. Qf4 Nxg2 25. Kxg2 Rf8 26. Qg4 Bf6 27. Bxf6 Rxf6 28. Ra2 Ne7 29. h4 Qd3 30. Rb2 Bxe4+ 31. Kg1 Qd1+ 0-1

[Event "Salon de Provence op 6th"]
[Site "Salon de Provence"]
[Date "2015.07.04"]
[Round "8"]
[White "Porte, Jacques"]
[Black "Catot, Olivier"]
[Result "0-1"]
[WhiteElo "1446"]
[BlackElo "1601"]
[PlyCount "105"]
[EventDate "2015.07.04"]
[EventType "swiss"]
[EventRounds "9"]
[EventCountry "FRA"]
[SourceTitle "EXT 2016"]
[Source "ChessBase"]
[SourceDate "2015.10.08"]
[SourceVersion "1"]
[SourceVersionDate "2015.10.08"]
[SourceQuality "1"]

1. d4 Nf6 2. c4 e6 3. Nf3 c5 4. dxc5 Bxc5 5. Nc3 Nc6 6. Bg5 Qb6 7. e3 Be7 8. Qc2 h6 9. Bh4 d6 10. Bd3 Nb4 11. Qd2 Nxd3+ 12. Qxd3 Bd7 13. 0-0 Bc6 14. Nd4 Qc7 15. Nxc6 bxc6 16. Rad1 Rd8 17. h3 0-0 18. Bg3 c5 19. Qc2 a6 20. Rd2 Rd7 21. Rfd1 Rfd8 22. b3 Qc6 23. e4 e5 24. Bh4 g5 25. Bg3 Kg7 26. Qd3 Bf8 27. f3 Nh5 28. Bh2 Kh8 29. Nd5 Re8 30. g4 Nf4 31. Bxf4 gxf4 32. Nf6 Re6 33. Nxd7 Qxd7 34. Qd5 Rg6 35. Qxe5+ Bg7 36. Qd5 Bd4+ 37. Kh2 Qd8 38. Qxf7 Qh4 39. Rg2 Rg7 40. Qxf4 Be5 41. Qxe5 dxe5 42. Rd5 Qe7 43. Rgd2 Kh7 44. Rd6 Qf7 45. Kg2 Qf4 46. R2d3 h5 47. Rd7 h4 48. Kf1 Qg3 49. R7d5 Qxh3+ 50. Ke2 Qg2+ 51. Ke3 Qg3 52. Kd2 h3 53. Ke3 0-1

[Event "Salon de Provence op 5th"]
[Site "Salon de Provence"]
[Date "2014.07.11"]
[Round "7"]
[White "Catot, Olivier"]
[Black "Amoros, Jean"]
[Result "1-0"]
[WhiteElo "1588"]
[BlackElo "1499"]
[PlyCount "55"]
[EventDate "2014.07.05"]
[EventType "swiss"]
[EventRounds "9"]
[EventCountry "FRA"]
[SourceTitle "EXT 2015"]
[Source "ChessBase"]
[SourceDate "2014.11.20"]
[SourceVersion "1"]
[SourceVersionDate "2014.11.20"]
[SourceQuality "1"]

1. Nf3 f5 2. d4 Nf6 3. e3 e6 4. Nbd2 b6 5. b3 Bb4 6. Bb2 0-0 7. a3 Bd6 8. g3 Bb7 9. Bg2 Ne4 10. 0-0 Nc6 11. Ne5 Nxe5 12. dxe5 Be7 13. Nxe4 fxe4 14. Qg4 Rf5 15. Rad1 Rg5 16. Qe2 a5 17. c4 c5 18. h4 Rf5 19. Bh3 Rf3 20. Bxe6+ dxe6 21. Rxd8+ Rxd8 22. Rd1 Bxh4 23. gxh4 Rdf8 24. Rd6 Rh3 25. Rxe6 Rxh4 26. Re7 Bc8 27. e6 h6 28. Rxg7+ 1-0

[Event "Sanary sur Mer op 5th"]
[Site "Sanary sur Mer"]
[Date "2013.08.28"]
[Round "4"]
[White "Tenninger, Marc"]
[Black "Catot, Olivier"]
[Result "1-0"]
[WhiteElo "1855"]
[BlackElo "1577"]
[PlyCount "49"]
[EventDate "2013.08.27"]
[EventType "swiss"]
[EventRounds "7"]
[EventCountry "FRA"]
[SourceTitle "EXT 2014"]
[Source "ChessBase"]
[SourceDate "2013.11.20"]
[SourceVersion "1"]
[SourceVersionDate "2013.11.20"]
[SourceQuality "1"]

1. d4 Nf6 2. Nf3 e6 3. e3 d5 4. Bd3 c5 5. b3 Bd7 6. 0-0 Qb6 7. Nbd2 Nc6 8. Bb2 Nb4 9. Be2 Rc8 10. c3 Na6 11. Ne5 Bc6 12. f4 Ne4 13. Nxe4 dxe4 14. f5 exf5 15. Rxf5 Bd5 16. c4 Be6 17. Rf4 g6 18. d5 Bh6 19. dxe6 Bxf4 20. exf7+ Ke7 21. Qd7+ Kf6 22. Ng4+ Kg5 23. exf4+ Kh4 24. Qe7+ Kh5 25. Qg5# 1-0

[Event "Sanary sur Mer op 5th"]
[Site "Sanary sur Mer"]
[Date "2013.08.27"]
[Round "1"]
[White "Catot, Olivier"]
[Black "Fayette, Sylvain"]
[Result "1-0"]
[WhiteElo "1557"]
[BlackElo "1976"]
[PlyCount "158"]
[EventDate "2013.08.27"]
[EventType "swiss"]
[EventRounds "7"]
[EventCountry "FRA"]
[SourceTitle "EXT 2014"]
[Source "ChessBase"]
[SourceDate "2013.11.20"]
[SourceVersion "1"]
[SourceVersionDate "2013.11.20"]
[SourceQuality "1"]

1. d4 e6 2. Nf3 f5 3. e3 b6 4. Nbd2 Bb7 5. b3 Nf6 6. Bb2 a5 7. a3 Be7 8. Be2 0-0 9. 0-0 d6 10. Rc1 Ne4 11. c4 Bf6 12. Qc2 Nd7 13. Ne1 Qe7 14. Nd3 Rad8 15. Nf4 g5 16. Nd3 Rf7 17. f3 Nxd2 18. Qxd2 c5 19. Nf2 d5 20. Qc2 cxd4 21. exd4 Rc8 22. Qd2 Rff8 23. Nd3 dxc4 24. bxc4 Qd6 25. Nf2 Bc6 26. Bd1 h6 27. Re1 Bd8 28. a4 Bc7 29. g3 Rfe8 30. Qc3 e5 31. Bb3 Kh7 32. d5 Bb7 33. Re3 Bd8 34. Rce1 Bf6 35. Qd3 e4 36. fxe4 Bxb2 37. exf5 Nf6 38. Re6 Qc5 39. Kf1 Qd4 40. Qc2 Bxd5 41. Rxe8 Rxe8 42. Rxe8 Bxc4+ 43. Bxc4 Nxe8 44. Bb5 Nf6 45. Qc7+ Kh8 46. Qc8+ Ng8 47. Qe6 Qf6 48. Qxf6+ Nxf6 49. Ke2 Bd4 50. h3 Bxf2 51. Kxf2 Ne4+ 52. Kg2 Kg7 53. g4 Kf6 54. Kf3 Ke5 55. Ke3 Nf6 56. Bc4 h5 57. Be2 hxg4 58. hxg4 Nd5+ 59. Kd2 Kd4 60. Bd1 Nc3 61. Bc2 Nd5 62. Bd1 Nc7 63. Bb3 Ke5 64. Ke3 b5 65. axb5 Nxb5 66. Kd3 Nd6 67. Bd1 Ne4 68. Ke3 Nc5 69. Kd2 Kd4 70. Kc2 Nd3 71. Kd2 Ne5 72. Kc2 a4 73. Kb2 Nc4+ 74. Ka2 Ke5 75. Be2 Ne3 76. Ka3 Nd5 77. Bd1 Kf4 78. Be2 Kg3 79. Bd1 Kf4 1-0

[Event "Provence-ch 1213"]
[Site "Provence"]
[Date "2013.07.12"]
[Round "9"]
[White "Amoros, Jean"]
[Black "Catot, Olivier"]
[Result "0-1"]
[WhiteElo "1460"]
[BlackElo "1559"]
[PlyCount "86"]
[EventDate "2013.07.06"]
[EventType "swiss"]
[EventRounds "9"]
[EventCountry "FRA"]
[SourceTitle "EXT 2015"]
[Source "ChessBase"]
[SourceDate "2014.11.20"]
[SourceVersion "1"]
[SourceVersionDate "2014.11.20"]
[SourceQuality "1"]

1. g4 e6 2. Bg2 d5 3. d3 Bd6 4. a3 c6 5. Nd2 Qb6 6. c4 Ne7 7. b4 Qc7 8. Ngf3 Ng6 9. Bb2 Nf4 10. Bf1 e5 11. c5 f6 12. cxd6 Qxd6 13. Rg1 g5 14. h4 h6 15. Qc2 Na6 16. Nb3 b6 17. e3 Ne6 18. d4 e4 19. Nfd2 Qh2 20. Qxc6+ Ke7 21. Qxa8 Qxg1 22. Qxd5 Qxg4 23. Qxe4 Qxh4 24. Qxh4 gxh4 25. Bh3 Bb7 26. e4 Ng5 27. Bg2 Rg8 28. Rc1 Ne6 29. Bf1 Nf4 30. b5 Rg1 31. Rc3 h3 32. Nf3 Bxe4 33. Nh2 Nb8 34. Kd2 Rh1 35. Bxh3 Rxh2 36. Ke3 Nd5+ 37. Kxe4 Nxc3+ 38. Bxc3 Rxh3 39. f3 f5+ 40. Kf4 Ke6 41. Nd2 Nd7 42. Nf1 Nf6 43. d5+ Nxd5# 0-1

[Event "Provence-ch 1213"]
[Site "Provence"]
[Date "2013.07.09"]
[Round "5"]
[White "Chabeaudy, Matthieu"]
[Black "Catot, Olivier"]
[Result "0-1"]
[WhiteElo "1716"]
[BlackElo "1559"]
[PlyCount "78"]
[EventDate "2013.07.06"]
[EventType "swiss"]
[EventRounds "9"]
[EventCountry "FRA"]
[SourceTitle "EXT 2015"]
[Source "ChessBase"]
[SourceDate "2014.11.20"]
[SourceVersion "1"]
[SourceVersionDate "2014.11.20"]
[SourceQuality "1"]

1. d4 Nf6 2. c4 e6 3. Nc3 c5 4. d5 exd5 5. cxd5 d6 6. e4 g6 7. f4 Bg7 8. Bb5+ Nfd7 9. a4 0-0 10. Nf3 Re8 11. Qc2 a6 12. Bc4 Nb6 13. Nd2 Bg4 14. h3 Qh4+ 15. Kf1 Bd4 16. Nf3 Bxf3 17. Bd3 Bg4 18. b3 N8d7 19. Bb2 Re7 20. a5 Nc8 21. Re1 b5 22. Nd1 Bxd1 23. Rxd1 Qxf4+ 24. Ke1 Bxb2 25. Qxb2 Ne5 26. Bb1 f5 27. Rf1 Qg3+ 28. Qf2 Qxf2+ 29. Rxf2 fxe4 30. Kd2 e3+ 31. Kxe3 Ng4+ 32. Kf3 Nxf2 33. Kxf2 Re5 34. Kf3 Ne7 35. Be4 Re8 36. h4 Kg7 37. g4 h6 38. Kf4 Ng8 39. Re1 Nf6 0-1

[Event "Provence-ch 1213"]
[Site "Provence"]
[Date "2013.07.08"]
[Round "4"]
[White "Catot, Olivier"]
[Black "Poletti, Fausto"]
[Result "0-1"]
[WhiteElo "1559"]
[BlackElo "1920"]
[PlyCount "68"]
[EventDate "2013.07.06"]
[EventType "swiss"]
[EventRounds "9"]
[EventCountry "FRA"]
[SourceTitle "EXT 2015"]
[Source "ChessBase"]
[SourceDate "2014.11.20"]
[SourceVersion "1"]
[SourceVersionDate "2014.11.20"]
[SourceQuality "1"]

1. d4 Nf6 2. Nf3 g6 3. Bf4 Bg7 4. e3 d6 5. Nbd2 0-0 6. Be2 Nbd7 7. 0-0 c5 8. c3 b6 9. h3 Bb7 10. Re1 a6 11. a4 Rc8 12. Bc4 Rc7 13. Qe2 Qc8 14. Bb3 Ne4 15. Red1 Ndf6 16. Nc4 b5 17. Nb6 Qb8 18. axb5 axb5 19. Qxb5 Bc6 20. Qa6 Rb7 21. Nc4 Bb5 22. Qa3 Bxc4 23. Bxc4 Rxb2 24. dxc5 Nxc5 25. Qxc5 dxc5 26. Bxb8 Rfxb8 27. Bd3 Nd5 28. c4 Nc3 29. Re1 Rd8 30. Bf1 Ne4 31. Ra5 Bc3 32. Rxc5 Nxc5 33. Rc1 Bg7 34. g3 Ne4 0-1

[Event "Provence-ch 1213"]
[Site "Provence"]
[Date "2013.07.06"]
[Round "1"]
[White "Catot, Olivier"]
[Black "Merenciano, Alexandre"]
[Result "0-1"]
[WhiteElo "1559"]
[BlackElo "1877"]
[PlyCount "72"]
[EventDate "2013.07.06"]
[EventType "swiss"]
[EventRounds "9"]
[EventCountry "FRA"]
[SourceTitle "EXT 2015"]
[Source "ChessBase"]
[SourceDate "2014.11.20"]
[SourceVersion "1"]
[SourceVersionDate "2014.11.20"]
[SourceQuality "1"]

1. d4 Nf6 2. Nf3 g6 3. Bf4 Bg7 4. e3 d6 5. Be2 Nbd7 6. Nbd2 0-0 7. 0-0 Re8 8. c3 c6 9. Re1 e5 10. dxe5 dxe5 11. Bg5 Qc7 12. e4 Nc5 13. Qc2 Ne6 14. Bh4 Nh5 15. Bc4 h6 16. Nf1 b5 17. Be2 Nhf4 18. Rad1 Nxe2+ 19. Rxe2 Nf4 20. Red2 Bg4 21. Ne3 Qc8 22. Rd8 Qe6 23. R1d6 Qxa2 24. Rxa8 Rxa8 25. Nxg4 c5 26. Qd2 Ne6 27. Bf6 g5 28. Bxg7 Kxg7 29. Nfxe5 Qb1+ 30. Qd1 Qxb2 31. Rxe6 Rd8 32. Rg6+ fxg6 33. Qe1 Qxc3 34. Nf3 Qxe1+ 35. Nxe1 b4 36. Ne3 b3 0-1

[Event "Marseille op 5th"]
[Site "Marseille"]
[Date "2012.12.26"]
[Round "2"]
[White "Catot, Olivier"]
[Black "Malassagne, Jerome"]
[Result "0-1"]
[WhiteElo "1509"]
[BlackElo "1774"]
[PlyCount "90"]
[EventDate "2012.12.26"]
[EventType "swiss"]
[EventRounds "9"]
[EventCountry "FRA"]
[SourceTitle "EXT 2014"]
[Source "ChessBase"]
[SourceDate "2013.11.20"]
[SourceVersion "1"]
[SourceVersionDate "2013.11.20"]
[SourceQuality "1"]

1. d4 Nf6 2. Nf3 d5 3. e3 Bg4 4. Nbd2 e6 5. Bd3 c5 6. c3 c4 7. Bc2 b5 8. a3 Nc6 9. Qe2 Be7 10. 0-0 a5 11. e4 0-0 12. e5 Nd7 13. h3 Bh5 14. Re1 Nb6 15. Nf1 Bg6 16. Bxg6 hxg6 17. g4 Kh7 18. g5 b4 19. N1h2 Na4 20. Qe3 bxa3 21. bxa3 Rb8 22. Re2 Rb3 23. Rc2 Na7 24. Ng4 Rb7 25. Nf6+ gxf6 26. gxf6 g5 27. Qxg5 Rg8 28. fxe7 Qxe7 29. Qxg8+ Kxg8 30. Bg5 Qf8 31. Bf6 Qh6 32. Kh2 Qf4+ 33. Kg2 Kf8 34. Rg1 Nc6 35. Ng5 Ne7 36. Nf3 Nf5 37. Rcc1 Ke8 38. Rb1 Rxb1 39. Rxb1 Nxc3 40. Rb8+ Kd7 41. Rb7+ Kc6 42. Rxf7 Nxd4 43. Nxd4+ Qxd4 44. Re7 Qe4+ 45. Kf1 Qh1# 0-1

[Event "Marseille op 5th"]
[Site "Marseille"]
[Date "2012.12.26"]
[Round "1"]
[White "Mishkovski, Lubomir"]
[Black "Catot, Olivier"]
[Result "1-0"]
[WhiteElo "2034"]
[BlackElo "1509"]
[PlyCount "51"]
[EventDate "2012.12.26"]
[EventType "swiss"]
[EventRounds "9"]
[EventCountry "FRA"]
[SourceTitle "EXT 2014"]
[Source "ChessBase"]
[SourceDate "2013.11.20"]
[SourceVersion "1"]
[SourceVersionDate "2013.11.20"]
[SourceQuality "1"]

1. d4 Nf6 2. Nf3 e6 3. c4 c5 4. g3 cxd4 5. Nxd4 Nc6 6. Bg2 Qb6 7. Nb3 Be7 8. 0-0 0-0 9. Nc3 a6 10. a3 Qd8 11. e4 Re8 12. Be3 Rb8 13. Qe2 d6 14. Rfd1 Qc7 15. f4 Bf8 16. Rac1 e5 17. f5 Bd7 18. Nd5 Qc8 19. Bb6 Nd4 20. Nxf6+ gxf6 21. Nxd4 exd4 22. Qg4+ Kh8 23. Bxd4 Bg7 24. Qf4 Bc6 25. Bb6 Re5 26. Rxd6 1-0

[Event "Marseille op 4th"]
[Site "Marseille"]
[Date "2011.12.29"]
[Round "7"]
[White "Catot, Olivier"]
[Black "Baquer, Marc"]
[Result "1/2-1/2"]
[WhiteElo "1474"]
[BlackElo "1798"]
[PlyCount "100"]
[EventDate "2011.12.26"]
[EventType "swiss"]
[EventRounds "9"]
[EventCountry "FRA"]
[SourceTitle "CBM 146 Extra"]
[Source "ChessBase"]
[SourceDate "2012.02.29"]
[SourceVersion "1"]
[SourceVersionDate "2012.02.29"]
[SourceQuality "1"]

1. d4 Nf6 2. Nf3 g6 3. e3 Bg7 4. Nbd2 d6 5. Bd3 0-0 6. 0-0 Nbd7 7. Re1 e5 8. Ne4 Nxe4 9. Bxe4 Nf6 10. Nd2 Nxe4 11. Nxe4 f5 12. Ng3 Qh4 13. c3 f4 14. exf4 exf4 15. Nf1 b6 16. Nd2 Bb7 17. Nf3 Qg4 18. Qd3 Rae8 19. Bd2 Bxf3 20. Qxf3 Qxf3 21. gxf3 g5 22. d5 Kf7 23. Re4 Rxe4 24. fxe4 Be5 25. f3 Kg6 26. h3 h5 27. Be1 g4 28. Bh4 Bf6 29. Bxf6 Kxf6 30. hxg4 hxg4 31. Kg2 Rg8 32. Rh1 g3 33. Rh4 Ke5 34. Rh5+ Kf6 35. Rf5+ Ke7 36. Rxf4 Rg7 37. Rg4 Rf7 38. Rxg3 Kd7 39. Kf2 c6 40. dxc6+ Kxc6 41. b3 a5 42. a3 b5 43. Ke3 b4 44. a4 bxc3 45. Kd3 Kb6 46. Kxc3 Rc7+ 47. Kd2 Kc5 48. f4 Kb4 49. f5 Re7 50. Re3 Rf7 1/2-1/2

[Event "Marseille op 4th"]
[Site "Marseille"]
[Date "2011.12.27"]
[Round "3"]
[White "Catot, Olivier"]
[Black "Damofli, Clement"]
[Result "1-0"]
[WhiteElo "1474"]
[BlackElo "1270"]
[PlyCount "49"]
[EventDate "2011.12.26"]
[EventType "swiss"]
[EventRounds "9"]
[EventCountry "FRA"]
[SourceTitle "CBM 146 Extra"]
[Source "ChessBase"]
[SourceDate "2012.02.29"]
[SourceVersion "1"]
[SourceVersionDate "2012.02.29"]
[SourceQuality "1"]

1. d4 d5 2. Nf3 Nc6 3. e3 g6 4. c3 Nf6 5. Nbd2 Bg7 6. Bd3 0-0 7. 0-0 Bg4 8. h3 Bxf3 9. Nxf3 Re8 10. Qb3 e5 11. dxe5 Nxe5 12. Nxe5 Rxe5 13. Qxb7 Ne4 14. Be2 Rf5 15. Bf3 Qc8 16. Qxc8+ Rxc8 17. Bg4 Nd6 18. Rd1 c6 19. f3 Rd8 20. Bxf5 Nxf5 21. e4 Ng3 22. Kf2 Nh5 23. exd5 cxd5 24. Be3 f5 25. Bxa7 1-0

[Event "Marseille op 4th"]
[Site "Marseille"]
[Date "2011.12.27"]
[Round "4"]
[White "Nerino Escoubet, Nicolas"]
[Black "Catot, Olivier"]
[Result "0-1"]
[WhiteElo "1679"]
[BlackElo "1474"]
[PlyCount "24"]
[EventDate "2011.12.26"]
[EventType "swiss"]
[EventRounds "9"]
[EventCountry "FRA"]
[SourceTitle "CBM 146 Extra"]
[Source "ChessBase"]
[SourceDate "2012.02.29"]
[SourceVersion "1"]
[SourceVersionDate "2012.02.29"]
[SourceQuality "1"]

1. e4 e6 2. d4 d5 3. e5 c5 4. c3 Qb6 5. Nf3 Nc6 6. Bd3 Bd7 7. Ng5 cxd4 8. Qf3 Nxe5 9. Qe2 Nxd3+ 10. Qxd3 Nf6 11. cxd4 Bd6 12. 0-0 Bb5 0-1

[Event "Marseille op 4th"]
[Site "Marseille"]
[Date "2011.12.26"]
[Round "2"]
[White "Charvein, Gabriel"]
[Black "Catot, Olivier"]
[Result "1-0"]
[WhiteElo "1721"]
[BlackElo "1474"]
[PlyCount "63"]
[EventDate "2011.12.26"]
[EventType "swiss"]
[EventRounds "9"]
[EventCountry "FRA"]
[SourceTitle "CBM 146 Extra"]
[Source "ChessBase"]
[SourceDate "2012.02.29"]
[SourceVersion "1"]
[SourceVersionDate "2012.02.29"]
[SourceQuality "1"]

1. Nf3 Nf6 2. g3 e6 3. Bg2 d5 4. d4 Bd6 5. c4 c6 6. 0-0 0-0 7. Nc3 Nbd7 8. Re1 Nb6 9. c5 Bxc5 10. dxc5 Nbd7 11. b4 e5 12. e3 Re8 13. Bb2 Qc7 14. h3 Nf8 15. Nh2 h6 16. f4 e4 17. Ne2 N8h7 18. g4 Be6 19. Be5 Qd8 20. Nd4 Bd7 21. Nf1 Nf8 22. Ng3 Ng6 23. Bd6 Kh8 24. Ngf5 Nf8 25. h4 a5 26. g5 hxg5 27. hxg5 N6h7 28. Kf2 axb4 29. Rh1 Ra3 30. Bxf8 Qa5 31. Qh5 Rxa2+ 32. Kg3 1-0

[Event "Marseille op 2nd "]
[Site "Marseille"]
[Date "2009.12.29"]
[Round "8"]
[White "Catot, Olivier"]
[Black "Roman, Sylvian"]
[Result "1-0"]
[WhiteElo "1499"]
[BlackElo "1420"]
[PlyCount "59"]
[EventDate "2009.12.26"]
[EventType "swiss"]
[EventRounds "9"]
[EventCountry "FRA"]
[SourceTitle "CBM 134 Extra"]
[Source "ChessBase"]
[SourceDate "2010.03.03"]
[SourceVersion "1"]
[SourceVersionDate "2010.03.03"]
[SourceQuality "1"]

1. d4 Nf6 2. Nf3 g6 3. Bf4 d6 4. e3 Bg7 5. Nc3 0-0 6. Bc4 c6 7. 0-0 d5 8. Bb3 Re8 9. Na4 Ne4 10. c4 e6 11. cxd5 exd5 12. Nc3 Bf5 13. Ne5 Nd7 14. Nd3 h6 15. h3 Ndf6 16. Qc1 Nxc3 17. Qxc3 Ne4 18. Qc2 h5 19. Qe2 Qc8 20. Rac1 Bf6 21. Bxd5 Qd7 22. Bb3 Ng5 23. Bxg5 Bxd4 24. Nf4 Qc7 25. Nxh5 gxh5 26. Qxh5 Bg7 27. Bf4 Qc8 28. Qxf7+ Kh8 29. Qh5+ Bh7 30. Bc2 1-0

[Event "Marseille op 2nd "]
[Site "Marseille"]
[Date "2009.12.26"]
[Round "1"]
[White "Rezki, Bernard"]
[Black "Catot, Olivier"]
[Result "1-0"]
[WhiteElo "1960"]
[BlackElo "1499"]
[PlyCount "51"]
[EventDate "2009.12.26"]
[EventType "swiss"]
[EventRounds "9"]
[EventCountry "FRA"]
[SourceTitle "CBM 134 Extra"]
[Source "ChessBase"]
[SourceDate "2010.03.03"]
[SourceVersion "1"]
[SourceVersionDate "2010.03.03"]
[SourceQuality "1"]

1. d4 e6 2. c4 Nf6 3. Nf3 c6 4. Nc3 d5 5. Bg5 Be7 6. Qc2 Nbd7 7. e4 dxe4 8. Nd2 e3 9. Bxe3 Nb6 10. Be2 0-0 11. 0-0 h6 12. Nde4 Nbd7 13. Rad1 Qc7 14. Rfe1 Bb4 15. a3 Nxe4 16. Qxe4 Bd6 17. Qh4 Nf6 18. Bxh6 Bxh2+ 19. Kh1 Nh7 20. Bc1 Bd6 21. Ne4 Be7 22. Qh5 Bd7 23. Rd3 Be8 24. Rh3 f5 25. Qxh7+ Kf7 26. Bh5# 1-0